000 01275nam a2200253Ia 4500
999 _c55916
_d55916
001 23014
003 GE_BSU
005 20230622121641.0
008 181216s1969||||ge |||||||||||||| ||geo||
040 _cGE_BSU
041 _ageo
080 _a821.14'04.091 ხ-56
100 _aხინთიბიძე, ე.
_93791
245 _aბიზანტიურ-ქართული ლიტერატურული ურთიერთობანი :
_bდამხმ. სახელმძღვ. სტუდენტებისათვის /
_cე. ხინთიბიძე ; რედ. ა. ალექსიძე.
264 _aთბილისი :
_bთბილ. უნ-ტის გამ-ბა,
_c1969.
300 _a203 გვ. ;
_c21 სმ.
500 _aპირთა სახელების საძიებელი : გვ. 194-199
504 _aბიბლიოგრ. : გვ. 184-193
541 _h2ლ. 30თ.
653 _aბიზანტიურ-ქართული ლიტერატურული ურთიერთობანი
653 _aქართული ფილოლოგია
700 _aალექსიძე, ა.
_eრედაქტორი
_918892
942 _cBK
_2udc